000 00997nam0a22002651 4500
001 rc\779211
005 20040301143227.3
035 _a(NLR Aleph) 006305182
090 _a7293091
_c7293091
100 _a20040301d1983 u |0rusy50 ca
101 0 _arus
102 _aRU
105 _aa |||||||||
200 1 _aДвухкомпонентные системы в окрестности точки бифуркации. Поведение решений в малых областях
210 _aМ.
_cБ. и.
_d1983
215 _a28 с.
_cил.
_d20
225 1 _aПрепринт
_fИн-т прикл. математики им. М.В. Келдыша АН СССР
_v№ 29
320 _aБиблиогр.: с. 28
700 1 _aАхромеева
_bТ. С.
_gТатьяна Сергеевна
701 1 _aМалинецкий
_bГ. Г.
_gГеоргий Геннадьевич
801 0 _aRU
_bNLR
_gpsbo
801 1 _aRU
_bELAR
_2rusmarc
852 _aNLR
_j83-4/20607
942 _cBOOK
980 _aNB